When Artificial Intelligence Re-enchants the Dynamics of Artification in Luxury Houses and Brands: The Case of LANCEL (notice n° 1728508)
[ vue normale ]
| 000 -LEADER | |
|---|---|
| fixed length control field | 01601cam a2200157 4500500 |
| 005 - DATE AND TIME OF LATEST TRANSACTION | |
| control field | 20260322003017.0 |
| 041 ## - LANGUAGE CODE | |
| Language code of text/sound track or separate title | fre |
| 042 ## - AUTHENTICATION CODE | |
| Authentication code | dc |
| 100 10 - MAIN ENTRY--PERSONAL NAME | |
| Personal name | Coulibaly, Daouda |
| Relator term | author |
| 245 00 - TITLE STATEMENT | |
| Title | When Artificial Intelligence Re-enchants the Dynamics of Artification in Luxury Houses and Brands: The Case of LANCEL |
| 260 ## - PUBLICATION, DISTRIBUTION, ETC. | |
| Date of publication, distribution, etc. | 2025.<br/> |
| 500 ## - GENERAL NOTE | |
| General note | 10 |
| 520 ## - SUMMARY, ETC. | |
| Summary, etc. | The evolution of the technological ecosystem has brought about profound changes in the various sectors. Artificial intelligence (AI), for example, is redrawing the contours of the luxury goods industry by reinventing strategies. Leading brands such as Louis Vuitton, Dior, Guerlain and Lancel are exploiting AI to enhance their identity, inspire their targets and revitalise their DNA. As a result, innovation around AI has metamorphosed and even revolutionised the realities around luxury corporate communications. The Lancel case was used to illustrate this point. The brand recently launched a purely AI and digital campaign. By decoding this case study, coupled with a number of qualitative interviews, we can see that AI has re-enchanted Lancel’s digital logic, opening up a new chapter in which luxury, technological innovation and art (digital artification) intertwine to reinforce the brand’s aura, legitimacy and exclusivity. It’s a revolution that Lancel has never before embraced, and one that is profoundly transformative. |
| 786 0# - DATA SOURCE ENTRY | |
| Note | Innovations | special issue | HS1 | 2025-10-10 | p. 107-107 | 1267-4982 |
| 856 41 - ELECTRONIC LOCATION AND ACCESS | |
| Uniform Resource Identifier | <a href="https://shs.cairn.info/revue-innovations-2025-HS1-page-107?lang=en&redirect-ssocas=7080">https://shs.cairn.info/revue-innovations-2025-HS1-page-107?lang=en&redirect-ssocas=7080</a> |
Pas d'exemplaire disponible.




Réseaux sociaux